000 01341nam a22003737a 4500
003 CHAP
005 20220329133537.0
008 971013s1989 r 10010 d
010 _a7661
011 _a8633
035 _a7862
040 _cCHAP
090 _aFolleto 14025
111 0 0 _aSimposium sobre Producción Forzada en Frutales (
_d1989
_c: Chapingo, Méx.)
_9106493
245 _aMemorias
260 _aChapingo, Méx. :
_bColegio de Postgraduados. Centro de Fruticultura,
_c1989
300 _a36 p.
590 _aBATCH-UPD
_b10
_c20130109
_lUCH01
_h2346
590 _aBATCH-UPD
_b10
_c20130110
_lUCH01
_h0836
590 _aBATCH-UPD
_b10
_c20130410
_lUCH01
_h0514
590 _aBATCH-UPD
_b10
_c20130914
_lUCH01
_h1445
590 _aCONVERSION
_b10
_c20130109
_lUCH01
_h1305
650 1 4 _aFruta
_xFloración.
_943619
650 1 4 _aFruta
_xMejoramiento.
_943631
650 1 4 _aFruticultura
_xCongresos.
_943712
650 1 4 _aFruticultura
_xTrópicos.
_943755
710 0 _aColegio de Postgraduados. Chapingo, Méx. Centro de Fruticultura.
_925081
790 _aProducción forzada en frutales
901 _aBK
942 _cFOLL
949 _aFolleto 14025
_bBC
_cCONG
_d-17748
_eCONG
_fc.3
_i7862
_si
949 _aFolleto 14025
_bBC
_cFOLL
_d-17747
_eTS1
_i7862
_si
949 _aFolleto 14025
_bBC
_cUACH
_d-17752
_eUACH
_fc.2
_gI. c/e
_i7862
_si
_t5.00
999 _c7661
_d7661